| 000 | 00544nam a22001937a 4500 | ||
|---|---|---|---|
| 999 |
_c525125 _d525125 |
||
| 003 | NUST | ||
| 005 | 20190628065338.0 | ||
| 008 | 190628b ||||| |||| 00| 0 eng d | ||
| 038 | _awaseem | ||
| 082 |
_a891.421092 _bBAL |
||
| 100 |
_aBaloch, Mumtaz _914720 |
||
| 245 |
_aBiyaz-e-Umar / _cMumtaz Baloch |
||
| 260 |
_aLahore : _bPunjab Institute of Language, Art & Culture, _c2014. |
||
| 300 | _a219 p. ; | ||
| 500 | _aHardcover. | ||
| 880 |
_6100-01\r _aممتاز بلوچ |
||
| 880 |
_6245-02\r _a بیاضِ عمر / |
||
| 942 |
_2ddc _cBK |
||